| 000 | 00365nam a2200157Ia 4500 | ||
|---|---|---|---|
| 003 | OSt | ||
| 005 | 20250101111640.0 | ||
| 008 | 170523s9999 xx 000 0 und d | ||
| 020 | _aNA | ||
| 040 | _cIIMT UNIVERSITY | ||
| 100 | _aDESAI,BIPIN,C | ||
| 245 | 0 | _a AN INTRODUCTION TO DATABASE MANAGEMENT SYSTEM | |
| 260 | _bGalgotia | ||
| 300 | _a934 | ||
| 942 |
_2ddc _c02 |
||
| 999 |
_c1362 _d1362 |
||